| 000 | 00888nam a2200253 a 4500 | ||
|---|---|---|---|
| 001 | 000009765 | ||
| 005 | 20200929161709.0 | ||
| 008 | 091001s2003 sp c 001 0 spa d | ||
| 020 | _a8476304188 | ||
| 040 |
_aDO-SdBNP _bspa _cBNPHU |
||
| 082 |
_aR922.22 _bB985v |
||
| 100 | 1 |
_aButler, Alban _924671 |
|
| 245 | 1 | 0 |
_aVidas de los santos / _cAlban Butler ; introducción James Bentley ; traducción Luisa Ortega. |
| 260 |
_aMadrid : _bLIBSA, _c2003. |
||
| 300 |
_a190 p. : _bretrs. ; _c33 cm. |
||
| 500 | _aIncluye índice de ilustraciones | ||
| 545 | _aVersión abreviada de "Butler's Lives of the saints", publicada en Londres y Dublin: J.S. Virtue, 1883. | ||
| 650 | 4 |
_aSantos _xBiografías _91815 |
|
| 650 | 4 |
_aSantos _xCalendarios _924672 |
|
| 700 | 1 |
_aBentley, James _924673 |
|
| 700 | 1 |
_aOrtega, Luisa _etr. _924674 |
|
| 910 | _aValidado. Control de calidad BNPHU | ||
| 049 | _aBNPD | ||
| 999 |
_c9525 _d9525 |
||